UNO: one is not enough /

Analiza el proceso que culminó con la formación de UNO (Unión Nacional Opositora), principal fuerza de oposición del régimen Sandinista en la elección de 1990. El autor señala que la aparición de UNO, es producto de la coalición de la fragmentada oposición y del patrocinio del gobierno estadounidens...

Full beskrivning

Sparad:
Bibliografiska uppgifter
Huvudupphovsman: Cook, Mark
Materialtyp: Text
Språk:Spanish
Ämnen:
Taggar: Lägg till en tagg
Inga taggar, Lägg till första taggen!

MARC

LEADER 00000 a a2200000 04500
001 9895
003 cru CIDCACS/IIS
005 20230525110959.0
008 230525b |||||||| |||| 00| 0 spa d
040 |c cru CIDCACS/IIS 
100 |a Cook, Mark  
245 |a UNO: one is not enough /  |c Mark Cook 
500 |a Colección Centroamérica 
520 |a Analiza el proceso que culminó con la formación de UNO (Unión Nacional Opositora), principal fuerza de oposición del régimen Sandinista en la elección de 1990. El autor señala que la aparición de UNO, es producto de la coalición de la fragmentada oposición y del patrocinio del gobierno estadounidense. A pesar de los múltiples problemas de dicho órgano político, de sus contradicciones internas, y de su diversidad ideológica, se perfila como el único grupo opositor al Frente Sandinista. El artículo también incluye una sección dedicada al estudio de otros grupos opositores y de la guerra de encuestas previa a las elecciones. AB/JM  
650 |a ASPECTOS POLITICOS  
650 |a COMPORTAMIENTO POLITICO  
650 |a DESARROLLO POLITICO  
650 |a ELECCIONES  
650 |a GRUPOS DE INTERESES  
650 |a OPOSICION POLITICA  
650 |a PROPAGANDA  
651 0 |9 1861  |a NICARAGUA 
773 |g volumen 23, número 5; páginas 4-6  
773 0 |0 43153  |9 4637  |a North American Congress on Latin America (NACLA)  |d Nueva York: North American Congress on Latin America (NACLA), 1967-  |o 22895  |t NACLA: 
942 |2 ddc  |c PP 
999 |c 37860  |d 37860